Statistics for Every Aquabats Song

Click here to take the quiz!

General Stats

  • This quiz has been taken 2 times
  • The average score is 55 of 115

Answer Stats

#Answer% Correct
8Adventure Today
100%
3Anti-Matter
100%
9Attacked by Snakes!
100%
2B.F.F.!
100%
6Chemical Bomb
100%
2Giant Robot-Birdhead
100%
14Hello, Good Night
100%
6Hey Homies!
100%
10It's Crazy, Man!
100%
1Karate Body!
100%
5Lovers of Loving Love
100%
12My Skateboard!
100%
4Pizza Day
100%
16Playdough!
100%
1Playdough
100%
3Pool Party
100%
11Powdered Milk Man!
100%
7Radiation Song
100%
2Red Sweater!
100%
1Robot Theme Song
100%
1Sequence Erase
100%
1Super Rad!
100%
1The Shark Fighter!
100%
13The Wild Sea
100%
11Worms Make Dirt
100%
9All My Money!
50%
13Amino Man
50%
8Aquabat March
50%
13Awesome Forces!
50%
4Bed Head!
50%
22B.R.O.!
50%
10Canis Lupus
50%
7Captain Hampton and the Midget Pirates!
50%
5Cat with 2 Heads!
50%
9CD Repo Man
50%
7Dangerous Leon!
50%
10Danger Woman
50%
5Dear Spike
50%
11Demolition Rickshaw!
50%
2Fashion Zombies!
50%
4Fight Song!
50%
11Food Fight On The Moon!
50%
2Hey Luno
50%
8Hot Summer Nights (Won't Last Forever)!
50%
4Idiot Box
50%
10Idiot Box!
50%
6I Fell Asleep On My Arm
50%
7In My Dreams!
50%
8Just Can't Lose!
50%
14Lobster Bucket!
50%
7Look at Me (I'm a Winner)!
50%
4Lotto Fever
50%
12Luck Lady Dragon!
50%
3Magic Chicken!
50%
8Martian Girl!
50%
2Martian Girl
50%
10Mechanical ape!
50%
9Meltdown!
50%
8Monster's Wedding
50%
5Nerd Alert!
50%
2No One Wants To Party!
50%
1Now, Stand Back For Your Own Safety!
50%
13Phantasma Del Mar!
50%
5Pinch and Roll
50%
10Pink Pants!
50%
6Plastic Lips!
50%
5Poppin' A Wheelie!
50%
4Radio Down!
50%
12Sandy Face
50%
3Ska Robot Army
50%
3Skeleton Inside!
50%
3Stuck in a Movie!
50%
6Tarantula
50%
9The Baker
50%
9The Ballad of Mr. Bonkers
50%
3The Legend Is True!
50%
7The Man With Glooey Hands
50%
15Theme Song!
50%
6The Story of Nothing!
50%
12The Thing on the Bass Amp
50%
6The Walk Off!
50%
4Tiger Rider Vs. The Time Sprinkler!
50%
11Tiny Pants
50%
12Waterslides!
50%
5Aliens And Monsters!
0%
21Baby Baby!
0%
9Beat Fishin'!
0%
8Burger Rain!
0%
19Bye, Bye (The World Pass Us By)!
0%
3Cobraman Theme!
0%
6Cowboy Android Theme!
0%
2Doing Science!
0%
17Don't Break My Heart!
0%
26Don't Stop!
0%
5Feel My Steel!
0%
11Guy Stuff
0%
15I Summon the Dude Theme!
0%
11Karate Body Pt. 2!
0%
24Lady in the Corner!
0%
7ManAnt! Fight!
0%
7Marshmalow Man
0%
8Pajamazon!
0%
16Personal Property!
0%
23Robot Dreams!
0%
9She's Gonna Live Forever!
0%
4Showtime!
0%
10Sneak Attack!
0%
10Space Bees!
0%
20Summertime!
0%
1Super Show (Theme Song!)
0%
12The Aquabats! Will Be RIght Back
0%
18The Good Life!
0%
13Tiny Burgers!
0%
14We Got This!
0%
25Winging It!
0%

Score Distribution

Percentile by Number Answered

Percent of People with Each Score

Your Score History

You have not taken this quiz